Statistics for Which fact is true?

Click here to take the quiz!

General Stats

  • This quiz has been taken 21 times
  • The average score is 5 of 10

Answer Stats

QuestionAnswer% Correct
Which is true about India.70% of the worlds spices are from India.
81%
Which is true about dogs?The worlds tallest dog is 44 inches tall!
67%
Which is true about Antarctica?Antarctica has most of the worlds freshwater.
62%
Which is true about the Olympics.Tug of war used to be an Olympic game.
62%
Which is true about TunisiaIt’s the farthest African country from the equator
57%
Which is true about chocolateWhite chocolate isn’t real chocolate
52%
Which of these is true about Harry Potter series?Nicolas Flamel is the only person in Harry Potter who is real.
43%
Which is true about Colorado?Colorado has the highest sand dune.
33%
Which is true about Pizza.A slice of the worlds smallest pizza would fit on a quarter.
29%
Which is true about basketball?The first basketball game was in Massachusetts.
29%

Score Distribution

Percentile by Number Answered

Percent of People with Each Score

Your Score History

You have not taken this quiz